000
00291nam a2200121Ia 4500
005
20251222154319.0
008
251222s9999||||xx |||||||||||||| ||spa||
020
_a
10201992
082
_a
220.5/E69
245
0
_a
Cómo Leer la Biblia en Grupo
264
_b
La Casa de la Biblia
942
_c
LIB
999
_c
33698
_d
33698